000 00393 a2200133 4500
005 20250819080130.0
020 _a978-9987-780-48-8
082 _a338.04 MBI
100 _aMBISE, E. F
245 _aEssentials of Entrepreneurship and New Venture Development
260 _aArusha
_bMweka Publishing and General Supply Ltd.
_c2020.
300 _axii, 212p.
_bBibliography.
_c20 cm.
942 _2ddc
_cBKS
999 _c6765
_d6765